Advanced procedure and axioms / (Record no. 134460)

MARC details
000 -LEADER
fixed length control field 00833nam a22002537a 4500
003 - CONTROL NUMBER IDENTIFIER
control field dpl
005 - DATE AND TIME OF LATEST TRANSACTION
control field 20181109160149.0
008 - FIXED-LENGTH DATA ELEMENTS--GENERAL INFORMATION
fixed length control field 181109b ||||| |||| 00| 0 eng d
010 ## - LIBRARY OF CONGRESS CONTROL NUMBER
LC control number B-276987, B-284847
020 ## - INTERNATIONAL STANDARD BOOK NUMBER
Terms of availability 00.00
International Standard Book Number 9781403144140
035 ## - SYSTEM CONTROL NUMBER
System control number B-276987, B-284847
037 ## - SOURCE OF ACQUISITION
Source of stock number/acquisition Cen Lib/Ret
040 ## - CATALOGING SOURCE
Original cataloging agency DPL
Language of cataloging EN
Transcribing agency 0
082 ## - DEWEY DECIMAL CLASSIFICATION NUMBER
Classification number 299.936
Item number HUB
100 ## - MAIN ENTRY--PERSONAL NAME
Personal name Hubbard, L. Ron
9 (RLIN) 40784
245 ## - TITLE STATEMENT
Title Advanced procedure and axioms /
Statement of responsibility, etc by L. Ron Hubbard
260 ## - PUBLICATION, DISTRIBUTION, ETC. (IMPRINT)
Place of publication, distribution, etc California
Name of publisher, distributor, etc Bridge Publications, Inc.
Date of publication, distribution, etc 2007
270 ## - ADDRESS
City California
Address 4751 founttain avenue, lose angeles
Postal code 90029
300 ## - PHYSICAL DESCRIPTION
Extent 295p.
Dimensions 23cm(Hb)
500 ## - GENERAL NOTE
General note Includes appendix, glossary, bibliographical reference and index
650 ## - SUBJECT ADDED ENTRY--TOPICAL TERM
Topical term or geographic name as entry element Scientology
9 (RLIN) 40785
650 ## - SUBJECT ADDED ENTRY--TOPICAL TERM
Topical term or geographic name as entry element Psychotherapy
9 (RLIN) 34846
942 ## - ADDED ENTRY ELEMENTS (KOHA)
Source of classification or shelving scheme Dewey Decimal Classification
Koha item type English Books
Classification part 299.936
Call number suffix HUB
Holdings
Withdrawn status Lost status Damaged status Not for loan Collection code Home library Current library Date acquired Source of acquisition Cost, normal purchase price Total Checkouts Full call number Barcode Date last seen Copy number Cost, replacement price Price effective from Koha item type Source of classification or shelving scheme
      Not For Loan Reference Central Library Central Library 30/07/2015 Cen Lib/Ret 0.00   299.936 HUB B-276987 30/07/2015 1 0.00 30/07/2015 English Books  
        Reference Yojana Vihar Yojana Vihar 09/11/2018 BPPD/PUB 0.00   299.936 HUB B-284847 09/11/2018   0.00 09/11/2018 English Books Dewey Decimal Classification

© Delhi Public Library
Hit Counter
free hit counter